[Event "Olympiad-44"]
[Site "Chennai"]
[Date "2022.07.29"]
[Round "1.3"]
[White "Strovsky, Mikhail"]
[Black "Nyysti, Sampsa"]
[Result "0-1"]
[WhiteElo "2158"]
[BlackElo "2363"]
[PlyCount "80"]
[EventDate "2022.07.29"]
[EventType "team-swiss"]
[EventRounds "11"]
[EventCountry "IND"]
[SourceTitle "CBM 210"]
[Source "ChessBase"]
[SourceDate "2022.10.31"]
[SourceVersion "1"]
[SourceVersionDate "2022.10.31"]
[SourceQuality "1"]
[WhiteTeam "Togo"]
[BlackTeam "Finland"]
[WhiteTeamCountry "TOG"]
[BlackTeamCountry "FIN"]

1. e4 c5 2. Nf3 e6 3. b3 b6 4. Bb2 Bb7 5. d3 Nf6 6. g3 d5 7. exd5 Qxd5 8. Bg2 Be7 9. 0-0 0-0 10. Nc3 Qd7 11. Ne5 Qc7 12. Bxb7 Qxb7 13. Qf3 Qxf3 14. Nxf3 Nc6 15. a3 Rac8 16. Rac1 Rfd8 17. Rfe1 Ne8 18. Kg2 Bf6 19. Ba1 Nc7 20. a4 Nb4 21. Ne5 Bxe5 22. Rxe5 f6 23. Re2 Kf7 24. Rce1 e5 25. Bb2 Ne6 26. Rd2 Nd4 27. Rc1 a6 28. Ne4 Ndxc2 29. Rcxc2 Nxc2 30. Rxc2 Rxd3 31. Nc3 a5 32. Nb5 Ke6 33. Bc3 c4 34. b4 Rxc3 35. Rxc3 axb4 36. Rc1 c3 37. Kf1 c2 38. Ke2 b3 39. Kd2 b2 40. Rxc2 Rd8+ 0-1

[Event "Francophonie-chT Rapid"]
[Site "Tornelo INT"]
[Date "2022.06.05"]
[Round "9.8"]
[White "Strovsky, Mikhail"]
[Black "Cornil, Etienne"]
[Result "1-0"]
[WhiteElo "2158"]
[BlackElo "1895"]
[PlyCount "63"]
[EventDate "2022.06.04"]
[EventType "team-swiss (rapid)"]
[EventRounds "11"]
[EventCountry "FRA"]
[SourceTitle "CBM 208 Extra"]
[Source "ChessBase"]
[SourceDate "2022.07.31"]
[SourceVersion "1"]
[SourceVersionDate "2022.07.31"]
[SourceQuality "1"]
[WhiteTeam "Togo"]
[BlackTeam "Belgium FRBE"]
[WhiteTeamCountry "TOG"]
[BlackTeamCountry "BEL"]

1. e4 d6 2. d4 Nf6 3. Nc3 g6 4. Be2 c6 5. h4 b5 6. a3 h5 7. Nh3 Nbd7 8. Ng5 Bg7 9. Be3 Nb6 10. b3 Ng4 11. Qd2 Nxe3 12. Qxe3 Qc7 13. 0-0 e5 14. dxe5 dxe5 15. Qc5 Nd7 16. Nxb5 Nxc5 17. Nxc7+ Ke7 18. Nxa8 f6 19. b4 fxg5 20. bxc5 Bg4 21. Bxg4 hxg4 22. Nc7 a5 23. Rab1 Kd7 24. Na6 Ke6 25. Rb7 Bh6 26. Rd1 Bf8 27. Nc7+ Kf6 28. Ne8+ Ke6 29. Ng7+ Kf6 30. Rdd7 Bxg7 31. Rf7+ Ke6 32. Rbe7# 1-0

[Event "Francophonie-chT Rapid"]
[Site "Tornelo INT"]
[Date "2022.06.04"]
[Round "6.6"]
[White "Scurtu, Alexandr"]
[Black "Strovsky, Mikhail"]
[Result "1-0"]
[WhiteElo "1960"]
[BlackElo "2158"]
[PlyCount "35"]
[EventDate "2022.06.04"]
[EventType "team-swiss (rapid)"]
[EventRounds "11"]
[EventCountry "FRA"]
[SourceTitle "CBM 208 Extra"]
[Source "ChessBase"]
[SourceDate "2022.07.31"]
[SourceVersion "1"]
[SourceVersionDate "2022.07.31"]
[SourceQuality "1"]
[WhiteTeam "Moldova"]
[BlackTeam "Togo"]
[WhiteTeamCountry "MDA"]
[BlackTeamCountry "TOG"]

1. e4 e5 2. Nf3 Nf6 3. Nxe5 d6 4. Nf3 Nxe4 5. d4 d5 6. Bd3 Bd6 7. c4 c6 8. 0-0 0-0 9. Re1 Re8 10. Nc3 Nxc3 11. bxc3 Rxe1+ 12. Qxe1 Nd7 13. Bg5 f6 14. Qe6+ Kh8 15. Qxd6 fxg5 16. cxd5 cxd5 17. Qxd5 h6 18. Ne5 1-0

[Event "Francophonie-chT Rapid"]
[Site "Tornelo INT"]
[Date "2022.06.04"]
[Round "5.3"]
[White "Strovsky, Mikhail"]
[Black "Vettese, Nicholas"]
[Result "1/2-1/2"]
[WhiteElo "2158"]
[BlackElo "2231"]
[PlyCount "107"]
[EventDate "2022.06.04"]
[EventType "team-swiss (rapid)"]
[EventRounds "11"]
[EventCountry "FRA"]
[SourceTitle "CBM 208 Extra"]
[Source "ChessBase"]
[SourceDate "2022.07.31"]
[SourceVersion "1"]
[SourceVersionDate "2022.07.31"]
[SourceQuality "1"]
[WhiteTeam "Togo"]
[BlackTeam "Canada"]
[WhiteTeamCountry "TOG"]
[BlackTeamCountry "CAN"]

1. e4 c5 2. Nf3 d6 3. Bb5+ Bd7 4. Bxd7+ Qxd7 5. 0-0 Nf6 6. Re1 Nc6 7. b3 g6 8. Bb2 Bg7 9. d4 cxd4 10. Nxd4 0-0 11. Nd2 d5 12. Nxc6 bxc6 13. exd5 cxd5 14. c4 Rfd8 15. Qe2 e6 16. cxd5 Qxd5 17. Nc4 Qg5 18. Rad1 h5 19. Nd6 Nd5 20. Nxf7 Nf4 21. Rxd8+ Rxd8 22. Nxg5 Nxe2+ 23. Kf1 Bxb2 24. Rxe2 Bc3 25. Rxe6 Rd1+ 26. Ke2 Rd2+ 27. Kf3 Rxa2 28. Rxg6+ Kf8 29. Ne4 Bb4 30. Rg5 h4 31. Rb5 a5 32. Kg4 Rb2 33. Kxh4 Rxb3 34. Kg4 Rb2 35. g3 a4 36. Nc5 a3 37. Rb8+ Ke7 38. Nd3 Rb3 39. Rb7+ Ke8 40. Nc1 Rb1 41. Na2 Rb2 42. Rxb4 Rxa2 43. Ra4 Rxf2 44. Rxa3 Rxh2 45. Rf3 Rh7 46. Kg5 Rg7+ 47. Kh5 Rh7+ 48. Kg6 Rh8 49. g4 Rg8+ 50. Kh5 Rh8+ 51. Kg5 Rg8+ 52. Kh5 Rh8+ 53. Kg6 Rg8+ 54. Kh5 1/2-1/2

[Event "Online Olym Div4 E"]
[Site "Chess.com INT"]
[Date "2021.08.21"]
[Round "5.3"]
[White "Jean Louis, Marckens"]
[Black "Strovsky, Mikhail"]
[Result "1/2-1/2"]
[WhiteElo "2053"]
[BlackElo "2158"]
[PlyCount "147"]
[EventDate "2021.08.20"]
[EventType "team (rapid)"]
[EventRounds "11"]
[EventCountry "USA"]
[SourceTitle "CBM 203 Extra"]
[Source "ChessBase"]
[SourceDate "2021.09.30"]
[SourceVersion "1"]
[SourceVersionDate "2021.09.30"]
[SourceQuality "1"]
[WhiteTeam "Haiti"]
[BlackTeam "Togo"]
[WhiteTeamCountry "HAI"]
[BlackTeamCountry "TOG"]

1. e4 e5 2. Nf3 Nf6 3. Nc3 Bb4 4. d3 d5 5. exd5 Nxd5 6. Bd2 Nc6 7. Nxd5 Bxd2+ 8. Qxd2 Qxd5 9. Be2 0-0 10. 0-0 Bf5 11. Nh4 Be6 12. Bf3 Qd4 13. g3 Rad8 14. Qc3 Qxc3 15. bxc3 Bd5 16. Rfb1 Bxf3 17. Nxf3 b6 18. Rb5 a6 19. Rbb1 f6 20. Re1 Rfe8 21. Re4 Rd6 22. Rae1 Red8 23. Kg2 Kf7 24. Rh4 h6 25. Ra4 a5 26. Rc4 R8d7 27. a4 Ne7 28. Nd2 Rc6 29. Rxc6 Nxc6 30. f4 exf4 31. gxf4 Re7 32. Rxe7+ Nxe7 33. c4 Ke6 34. Kf3 Nc6 35. c3 f5 36. h4 Kf6 37. Nf1 g5 38. hxg5+ hxg5 39. fxg5+ Kxg5 40. d4 Ne7 41. Ne3 c6 42. d5 cxd5 43. cxd5 Kf6 44. Kf4 Ng6+ 45. Kf3 Ne5+ 46. Kf4 Nd3+ 47. Kf3 Nc5 48. Kf4 Nxa4 49. Nxf5 Nxc3 50. d6 Nd5+ 51. Ke4 Nc3+ 52. Kd3 Nd5 53. Kd4 Ke6 54. d7 Kxd7 55. Kxd5 b5 56. Kc5 b4 57. Kc4 Kc6 58. Nd4+ Kb6 59. Kb3 Kc5 60. Nc2 Kb5 61. Nd4+ Kc5 62. Ne6+ Kd5 63. Nf4+ Ke4 64. Ne6 Kd5 65. Nf4+ Ke4 66. Ne2 Kd3 67. Nc1+ Kd4 68. Ka4 Kc3 69. Nb3 Kc4 70. Nxa5+ Kc3 71. Nb3 Kc4 72. Nd2+ Kc3 73. Ne4+ Kd4 74. Kxb4 1/2-1/2

[Event "Online Olym Div4 E"]
[Site "Chess.com INT"]
[Date "2021.08.21"]
[Round "4.5"]
[White "Strovsky, Mikhail"]
[Black "Harper, Ryan"]
[Result "1-0"]
[WhiteElo "2158"]
[BlackElo "2184"]
[PlyCount "71"]
[EventDate "2021.08.20"]
[EventType "team (rapid)"]
[EventRounds "11"]
[EventCountry "USA"]
[SourceTitle "CBM 203 Extra"]
[Source "ChessBase"]
[SourceDate "2021.09.30"]
[SourceVersion "1"]
[SourceVersionDate "2021.09.30"]
[SourceQuality "1"]
[WhiteTeam "Togo"]
[BlackTeam "Trinidad and Tobago"]
[WhiteTeamCountry "TOG"]
[BlackTeamCountry "TRI"]

1. e4 c5 2. Nf3 e6 3. b3 Nf6 4. e5 Nd5 5. c4 Nc7 6. Bb2 Nc6 7. g3 Be7 8. Bg2 0-0 9. 0-0 f6 10. d4 cxd4 11. exf6 Bxf6 12. Nxd4 Qe8 13. Na3 a6 14. Nac2 Qf7 15. Qd2 d5 16. cxd5 exd5 17. Rac1 Rd8 18. Nxc6 bxc6 19. Nd4 Bxd4 20. Bxd4 Bd7 21. Bb6 Rdc8 22. Bxc7 Rxc7 23. Bxd5 cxd5 24. Rxc7 Qe6 25. Qd4 Rf8 26. f4 h6 27. Qe5 Qb6+ 28. Kg2 Rf5 29. Qc3 d4 30. Qc4+ Be6 31. Qc2 Bd5+ 32. Rf3 Bxf3+ 33. Kxf3 Qf6 34. Rc8+ Kf7 35. Qc4+ Kg6 36. Rc6 1-0

[Event "African Online op"]
[Site "Tornelo INT"]
[Date "2021.02.04"]
[Round "7"]
[White "Singe, Phillip Mbawala"]
[Black "Strovsky, Mikhail"]
[Result "0-1"]
[WhiteElo "1857"]
[BlackElo "2164"]
[PlyCount "124"]
[EventDate "2021.02.01"]
[EventType "swiss (rapid)"]
[EventRounds "9"]
[EventCountry "NET"]
[SourceTitle "CBM 200 Extra"]
[Source "ChessBase"]
[SourceDate "2021.03.31"]
[SourceVersion "1"]
[SourceVersionDate "2021.03.31"]
[SourceQuality "1"]

1. Nf3 d5 2. g3 e6 3. Bg2 Nf6 4. 0-0 Be7 5. d4 0-0 6. Nbd2 b6 7. Re1 Bb7 8. c3 Nbd7 9. Qc2 c5 10. e3 Rc8 11. a4 Re8 12. Qb3 Qc7 13. a5 c4 14. axb6 axb6 15. Qc2 Ra8 16. Rxa8 Rxa8 17. e4 dxe4 18. Ng5 e3 19. fxe3 Bxg2 20. Kxg2 h6 21. Ngf3 b5 22. e4 b4 23. cxb4 Bxb4 24. Qxc4 Qxc4 25. Nxc4 Bxe1 26. Nxe1 Nxe4 27. Nd2 Nxd2 28. Bxd2 Nb6 29. Kf3 Nd5 30. Ke4 Kf8 31. Kd3 Ke7 32. Bc3 Ra1 33. Bd2 Kd6 34. Kc2 Ne3+ 35. Kd3 Nf1 36. Bb4+ Kc6 37. Nc2 Rb1 38. Bf8 Nxh2 39. Bxg7 Ng4 40. Na3 Rg1 41. Bf8 Rxg3+ 42. Ke4 f5+ 43. Kf4 Rd3 44. Nc2 Rd2 45. Nb4+ Kb5 46. d5 Rd4+ 47. Kg3 exd5 48. Na2 Kc4 49. Bg7 Rd2 50. Kf4 Rf2+ 51. Kg3 d4 52. Nc1 Rxb2 53. Kf3 Rc2 54. Ne2 d3 55. Nd4 Rf2+ 56. Kg3 d2 57. Nc2 Kd3 58. Nb4+ Ke2 59. Na2 d1N 60. Nb4 Rf3+ 61. Kg2 Nde3+ 62. Kg1 Rf1# 0-1

[Event "Online Olym Div4 D"]
[Site "Chess.com INT"]
[Date "2020.07.31"]
[Round "1.5"]
[White "Strovsky, Mikhail"]
[Black "Miswadah, Baha"]
[Result "0-1"]
[WhiteElo "2164"]
[BlackElo "2022"]
[PlyCount "70"]
[EventDate "2020.07.31"]
[EventType "team-tourn (rapid)"]
[EventRounds "9"]
[EventCountry "USA"]
[SourceTitle "CBM 198"]
[Source "ChessBase"]
[SourceDate "2020.10.31"]
[SourceVersion "1"]
[SourceVersionDate "2020.10.31"]
[SourceQuality "1"]
[WhiteTeam "Togo"]
[BlackTeam "Palestine"]
[WhiteTeamCountry "TOG"]
[BlackTeamCountry "PLE"]

1. e4 c5 2. Nf3 g6 3. c3 Bg7 4. d3 Nc6 5. g3 Nf6 6. Bg2 0-0 7. 0-0 d6 8. Re1 e5 9. d4 Qc7 10. dxe5 dxe5 11. Na3 a6 12. Qe2 b5 13. Bg5 Bg4 14. Rad1 Rad8 15. h3 Be6 16. b3 Qa5 17. Qb2 Rxd1 18. Rxd1 Nxe4 19. Nxe5 Nxe5 20. Bxe4 b4 21. cxb4 cxb4 22. Qc2 bxa3 23. f4 Rc8 24. Qxc8+ Bxc8 25. Rd8+ Qxd8 26. Bxd8 Nd7 27. Bc7 Nc5 28. Bd5 Bxh3 29. Kf2 Bd4+ 30. Kf3 h5 31. b4 Bg4+ 32. Kg2 Nd3 33. Bc4 Nxb4 34. Bd6 a5 35. Bc7 Be6 0-1

[Event "Moscow RGGU op"]
[Site "Moscow"]
[Date "2019.04.13"]
[Round "5"]
[White "Strovsky, Mikhail"]
[Black "Zakharova, Anna"]
[Result "1-0"]
[WhiteElo "2198"]
[BlackElo "1820"]
[PlyCount "67"]
[EventDate "2019.03.16"]
[EventType "swiss"]
[EventRounds "7"]
[EventCountry "RUS"]
[SourceTitle "CBM 190 Extra"]
[Source "ChessBase"]
[SourceDate "2019.07.15"]
[SourceVersion "1"]
[SourceVersionDate "2019.07.15"]
[SourceQuality "1"]

1. e4 c5 2. Nf3 e6 3. c3 d5 4. exd5 exd5 5. Bb5+ Bd7 6. Bxd7+ Nxd7 7. d4 Ngf6 8. 0-0 Be7 9. dxc5 Nxc5 10. Nbd2 0-0 11. Nb3 Nce4 12. Nbd4 Re8 13. Bf4 a6 14. Re1 Qb6 15. Qb3 Qxb3 16. Nxb3 a5 17. Rad1 a4 18. Nbd4 a3 19. bxa3 Nxc3 20. Rc1 Nfe4 21. Re3 Rxa3 22. Ne2 Nxe2+ 23. Rxe2 Rc3 24. Rb1 Bc5 25. Rxb7 Kf8 26. Rbb2 d4 27. Rec2 Rxc2 28. Rxc2 d3 29. Rc1 Nxf2 30. Rxc5 Re2 31. Bd6+ Ke8 32. Re5+ Rxe5 33. Bxe5 Ne4 34. Kf1 1-0

[Event "Moscow RGGU op"]
[Site "Moscow"]
[Date "2019.03.16"]
[Round "1"]
[White "Strovsky, Mikhail"]
[Black "Munos Vaskes, Ankhel"]
[Result "1-0"]
[WhiteElo "2198"]
[BlackElo "1551"]
[PlyCount "33"]
[EventDate "2019.03.16"]
[EventType "swiss"]
[EventRounds "7"]
[EventCountry "RUS"]
[SourceTitle "CBM 190 Extra"]
[Source "ChessBase"]
[SourceDate "2019.07.15"]
[SourceVersion "1"]
[SourceVersionDate "2019.07.15"]
[SourceQuality "1"]

1. e4 Nf6 2. Nc3 d5 3. exd5 Nxd5 4. Nf3 Bg4 5. Nxd5 Qxd5 6. Be2 Nd7 7. 0-0 0-0-0 8. d3 f6 9. Be3 e5 10. Qd2 Bd6 11. a3 f5 12. Qc3 e4 13. dxe4 fxe4 14. Rad1 Qh5 15. Rxd6 exf3 16. Bd3 Qe5 17. Rxd7 1-0

[Event "Zolochiv Winter op"]
[Site "Zolochiv"]
[Date "2017.12.05"]
[Round "5"]
[White "Strovsky, Mikhail"]
[Black "Winichenko, Mikhail"]
[Result "1/2-1/2"]
[WhiteElo "2276"]
[BlackElo "2284"]
[PlyCount "23"]
[EventDate "2017.12.03"]
[EventType "swiss"]
[EventRounds "9"]
[EventCountry "UKR"]
[SourceTitle "EXT 2019"]
[Source "ChessBase"]
[SourceDate "2018.10.10"]
[SourceVersion "1"]
[SourceVersionDate "2018.10.10"]
[SourceQuality "1"]

1. d4 Nf6 2. c4 e6 3. Nf3 d5 4. Nc3 Be7 5. cxd5 exd5 6. Bg5 c6 7. e3 0-0 8. Bd3 Nbd7 9. Qc2 Re8 10. 0-0 Nf8 11. h3 Ne4 12. Bf4 1/2-1/2

[Event "Zolochiv Autumn 4th"]
[Site "Zolochiv"]
[Date "2017.11.01"]
[Round "4"]
[White "Strovsky, Mikhail"]
[Black "Poliakov, Vladimir"]
[Result "1/2-1/2"]
[WhiteElo "2058"]
[BlackElo "2401"]
[PlyCount "87"]
[EventDate "2017.10.31"]
[EventType "swiss"]
[EventRounds "9"]
[EventCountry "UKR"]
[SourceTitle "EXT 2019"]
[Source "ChessBase"]
[SourceDate "2018.10.10"]
[SourceVersion "1"]
[SourceVersionDate "2018.10.10"]
[SourceQuality "1"]

1. d4 d6 2. c4 Nf6 3. Nc3 g6 4. g3 Bg7 5. Bg2 0-0 6. Nf3 Nc6 7. 0-0 a6 8. e4 Bg4 9. h3 Bxf3 10. Bxf3 e5 11. d5 Nd4 12. Bg2 c5 13. dxc6 bxc6 14. Be3 c5 15. Nd5 Nxd5 16. cxd5 Qd7 17. Bxd4 exd4 18. b3 a5 19. Qd3 a4 20. Rab1 axb3 21. axb3 Rfb8 22. h4 Qb5 23. Qxb5 Rxb5 24. Rfc1 Ra3 25. Bf1 Rbxb3 26. Rxb3 Rxb3 27. Bc4 Ra3 28. Kf1 Bh6 29. Rb1 Bd2 30. Rb8+ Kg7 31. e5 dxe5 32. d6 Ra1+ 33. Kg2 Ra7 34. Re8 Rd7 35. Rxe5 Rxd6 36. Rxc5 Bc3 37. Rc7 d3 38. Bb3 Bb4 39. Rxf7+ Kh8 40. Rb7 Bc3 41. Rc7 Bb4 42. Rb7 Bc3 43. Rc7 Bb4 44. Rb7 1/2-1/2

[Event "Vladimir op"]
[Site "Suzdal"]
[Date "2016.08.09"]
[Round "5"]
[White "Konaplev, Anton"]
[Black "Strovsky, Mikhail"]
[Result "1-0"]
[WhiteElo "2179"]
[BlackElo "1807"]
[PlyCount "87"]
[EventDate "2016.08.05"]
[EventType "tourn"]
[EventRounds "9"]
[EventCountry "RUS"]
[SourceTitle "EXT 2018"]
[Source "ChessBase"]
[SourceDate "2017.10.13"]
[SourceVersion "1"]
[SourceVersionDate "2017.10.13"]
[SourceQuality "1"]

1. d4 d5 2. c4 e6 3. Nc3 c5 4. cxd5 cxd4 5. Qa4+ Bd7 6. Qxd4 exd5 7. Qxd5 Nc6 8. Nf3 Nf6 9. Qb3 Na5 10. Qc2 Rc8 11. Bg5 Bb4 12. e3 0-0 13. Bd3 h6 14. Bh4 Qb6 15. 0-0 Bxc3 16. bxc3 Nd5 17. Qd2 Be6 18. Rfc1 Nc4 19. Qe1 Qc5 20. Nd4 Bd7 21. Rab1 b6 22. Nb3 Qa3 23. Qe2 Ne5 24. Bg3 Nxd3 25. Qxd3 Be6 26. e4 Nf6 27. Qe2 Rc4 28. f3 Rfc8 29. Be5 Nd7 30. Bd4 R4c6 31. Qf2 Nc5 32. Qg3 g6 33. Qe5 Kf8 34. Nxc5 bxc5 35. Be3 g5 36. Qh8+ Ke7 37. Qxh6 f6 38. h4 gxh4 39. Qxh4 Bxa2 40. Rb7+ R8c7 41. Rxc7+ Rxc7 42. e5 Bf7 43. Qxf6+ Ke8 44. Rd1 1-0

[Event "Paris-ch op-B 86th"]
[Site "Paris"]
[Date "2011.07.02"]
[Round "1"]
[White "Strovsky, Mikhail"]
[Black "Heublum, Harry A"]
[Result "1/2-1/2"]
[WhiteElo "1879"]
[BlackElo "1879"]
[PlyCount "110"]
[EventDate "2011.07.02"]
[EventType "swiss"]
[EventRounds "9"]
[EventCountry "FRA"]
[SourceTitle "EXT 2012"]
[Source "ChessBase"]
[SourceDate "2011.11.24"]
[SourceVersion "1"]
[SourceVersionDate "2011.11.24"]
[SourceQuality "1"]

1. e4 e6 2. d4 d5 3. Nc3 Bb4 4. Qd3 dxe4 5. Qxe4 Nf6 6. Qh4 Nc6 7. Nf3 b6 8. a3 Be7 9. Bb5 Bb7 10. Ne5 Qd6 11. Qg3 0-0-0 12. Nxf7 Qxg3 13. hxg3 Nxd4 14. 0-0 Nxc2 15. Ra2 Nd4 16. Nxh8 Nxb5 17. Nxb5 Ba6 18. Re1 Bxb5 19. Nf7 Rf8 20. Ne5 Bd6 21. Nf3 Ng4 22. b4 e5 23. Be3 Bc6 24. Nd2 Bd5 25. Rc2 e4 26. Nc4 Be7 27. Bf4 g5 28. Bxc7 Nxf2 29. Rxf2 Rxf2 30. Kxf2 Kxc7 31. Ne3 Be6 32. Rh1 Bg8 33. Nf5 Bf8 34. Rh5 g4 35. Ke3 a5 36. bxa5 bxa5 37. a4 Bb3 38. Rxh7+ Kb6 39. Kxe4 Bxa4 40. Kd3 Bc6 41. Rf7 Bc5 42. Rf6 Kb5 43. Nd4+ Bxd4 44. Kxd4 Bxg2 45. Kc3 Bf3 46. Kb3 Bd1+ 47. Ka3 Kc4 48. Rd6 Bc2 49. Rd8 a4 50. Rg8 Bd1 51. Rd8 Be2 52. Rf8 Bf3 53. Rc8+ Kd3 54. Rf8 Bd1 55. Rf4 Bf3 1/2-1/2